000 01915cam a2200265 4500500
005 20260405002540.0
041 _afre
042 _adc
100 1 0 _aRousselot, Nicolas
_eauthor
245 0 0 _aRaviver les sens : un enjeu primordial
260 _c2025.
500 _a1
520 _aDans un monde saturé de stimuli sensoriels, la question du rôle des sens corporels dans la vie spirituelle devient centrale. Cet article explore l’ancrage biblique, liturgique et doctrinal de ce que la tradition appelle les « sens spirituels ». Il montre comment, de Jean à Ignace de Loyola, en passant par Origène et Bonaventure, les sens deviennent non pas obstacles, mais médiateurs d’une véritable expérience spirituelle incarnée. À l’écoute de voix contemporaines, il propose des pistes pour une évangélisation de la sensibilité, en intégrant les affects dans le discernement spirituel.
520 _aIn a world overflowing with sensory stimuli, the role of the body’s senses in spiritual life becomes crucial. This article investigates the biblical, liturgical and doctrinal foundations of what the tradition calls “spiritual senses.” From John to Ignatius of Loyola, via Origen and Bonaventure, the senses are revealed not as obstacles, but as mediators of a genuine embodied spiritual experience. Drawing on contemporary voices, it offers perspectives for evangelizing sensitivity and integrating affectivity in spiritual discernment.
690 _aContemplation
690 _aDiscernement
690 _aSens spirituels
690 _aSpiritualité
690 _aContemplation
690 _aDiscernment
690 _aSpiritual senses
690 _aSpirituality
786 0 _nNouvelle revue théologique | 147 | 4 | 2025-09-02 | p. 628-643 | 0029-4845
856 4 1 _uhttps://shs.cairn.info/revue-nouvelle-revue-theologique-2025-4-page-628?lang=fr&redirect-ssocas=7080
999 _c2058757
_d2058757